| 000 | 00481nam a2200181Ia 4500 | ||
|---|---|---|---|
| 003 | OSt | ||
| 005 | 20240513150543.0 | ||
| 008 | 210210b xxu||||| |||| 00| 0 eng d | ||
| 040 | _cAL | ||
| 041 | _aKannada | ||
| 082 | _a859/461 | ||
| 100 |
_aGOPALAKRASHNA ADIGA _9132071 _dಗೋಪಾಲಕೃಷ್ಣ ಅಡಿಗ |
||
| 245 |
_aAnathe _bಅನಾಥೆ |
||
| 260 |
_aBengaluru _bRajkamal Prakashana |
||
| 690 |
_aKannada Fiction _9132072 |
||
| 906 | _a021323 | ||
| 942 |
_2ddc _cBK |
||
| 999 |
_c145387 _d145387 |
||